书目信息 |
| 题名: |
雕塑
|
|
| 作者: | 刘小锋 主编 | |
| 分册: | ||
| 出版信息: | 长春 吉林文史出版社 2006 |
|
| 页数: | 187页 | |
| 开本: | 21cm | |
| 丛书名: | 中外艺术精粹 | |
| 单 册: | ||
| 中图分类: | J30 | |
| 科图分类: | ||
| 主题词: | 雕塑--技法(美术) , 雕塑理论 , 技法(美术) | |
| 电子资源: | ||
| ISBN: | 7-80702-248-5 | |
| 000 | 00820oam2 2200277 45 | |
| 001 | 012006042901 | |
| 005 | 20070104173758.12 | |
| 010 | @a7-80702-248-5@dCNY29.80 | |
| 092 | @aCN@b492771 | |
| 100 | @a20060429d2006 em y0chiy0120 ea | |
| 101 | 0 | @achi |
| 102 | @aCN@b220000 | |
| 105 | @ay z 000yy | |
| 200 | 1 | @a雕塑@Adiao su@f刘小锋主编@Fliu xiao feng zhu bian |
| 210 | @a长春@c吉林文史出版社@c吉林音像出版社@d2006 | |
| 215 | @a187页@d21cm | |
| 225 | 2 | @a中外艺术精粹 |
| 330 | @a本书主要内容:中国雕塑的起源;中国雕塑的历史和发展;雕塑的基本知识;雕塑的制作技术等。 | |
| 461 | 0 | @12001 @a中外艺术精粹 |
| 606 | 0 | @a雕塑@x技法(美术) |
| 606 | 0 | @a雕塑理论 |
| 606 | 0 | @a技法(美术) |
| 690 | @aJ30@v4 | |
| 701 | 0 | @a刘小锋@Aliu xiao feng@4主编 |
| 801 | 0 | @aCN@bLZJBOOK@c20070104 |
| 905 | @a10447@dJ30@e19 | |
| 雕塑/刘小锋主编.-长春:吉林文史出版社:吉林音像出版社,2006 |
| 187页;21cm.-(中外艺术精粹) |
| ISBN 7-80702-248-5:CNY29.80 |
| 本书主要内容:中国雕塑的起源;中国雕塑的历史和发展;雕塑的基本知识;雕塑的制作技术等。 |
| ● |
| 相关链接 |
|
|
|
|
正题名:雕塑
索取号:J30/19
 
预约/预借
| 序号 | 登录号 | 条形码 | 馆藏地/架位号 | 状态 | 备注 |
| 1 | 0561205 | 205612050 | 第一样本阅览室/ [索取号:J30/19] | 在馆 | |
| 2 | 0561206 | 205612069 | 第一借阅区/ [索取号:J30/19] | 在馆 | |
| 3 | 0561207 | 205612078 | 第一借阅区/ [索取号:J30/19] | 在馆 | |
| 4 | 0561208 | 205612087 | 第一借阅区/ [索取号:J30/19] | 在馆 | |
| 5 | 0561209 | 205612096 | 第一借阅区/ [索取号:J30/19] | 在馆 | |
| 6 | 0561210 | 205612103 | 第一借阅区/ [索取号:J30/19] | 在馆 | |
| 7 | 0561211 | 205612112 | 第一借阅区/ [索取号:J30/19] | 在馆 |